000 00824nam a22002057a 4500
999 _c7002
_d7002
003 AR-CdUCM
008 190319b ||||| |||| 00| 0 spa d
040 _aMUNICIPALIDAD PROVINCIAL DEL CUSCO
_cBIBLIOTECA MUNICIPAL DEL CUSCO
082 _a636.089 /
_bG66
100 _aGordillo Angulo, Emilio,
_919734
245 _aUn siglo de la medicina veterinaria en el Perú, 1902-2002 :
_breseña histórica /
260 _aLima :
_bEditorial de Mar,
_c2004.
300 _a160 paginas ;
_bilustraciones,
_c20 cm.
505 _aFormación profesional -- Formación gremial -- Asociación mundial de veterinaria -- Directiva de la asociación de médicos veterinario del Perú .
650 _aMedicina
_93637
650 _aVeterinaria
_919735
650 _aVeterinarios del Perú
_919736
942 _2ddc
_cLIBROS
945 _awnts